| 000 -LEADER |
| fixed length control field |
00429nam a22001097a 4500 |
| 082 ## - DEWEY DECIMAL CLASSIFICATION NUMBER |
| Classification number |
BA27x5411 As72t/1982-83 |
| 100 ## - MAIN ENTRY--PERSONAL NAME |
| Personal name |
Assam. Department for Welfare of Plains Tribes and Backward Classes |
| 9 (RLIN) |
2570 |
| 245 ## - TITLE STATEMENT |
| Title |
Revised Annual Plan Tribal Sub-Plan 1982-83 |
| Statement of responsibility, etc |
by Department for Welfare of Plains Tribes and Backward Classes |
| 260 ## - PUBLICATION, DISTRIBUTION, ETC. (IMPRINT) |
| Place of publication, distribution, etc |
Dispur |
| Name of publisher, distributor, etc |
Government of Assam |
| Date of publication, distribution, etc |
1983 |
| 300 ## - PHYSICAL DESCRIPTION |
| Extent |
v.p. |
| 650 ## - SUBJECT ADDED ENTRY--TOPICAL TERM |
| Topical term or geographic name as entry element |
Plan, Annual - Tribal |
| 9 (RLIN) |
2571 |